Dorrego : héroe estudiantil /
Guardado en:
| Autor Principal: | |
|---|---|
| Formato: | Libro |
| Publicado: |
Remedios de Escalada :
Unla,
2013
|
| Materias: | |
| Etiquetas: |
Agregar Etiqueta
Sin Etiquetas, Sea el primero en etiquetar este registro!
|
| LEADER | 00576nam a22001935a 4500 | ||
|---|---|---|---|
| 001 | EHU.bham044912 | ||
| 003 | AR-BHAM | ||
| 005 | 20170828145651.0 | ||
| 008 | 130507s2013##################000#0#####d | ||
| 020 | |a 9789871987054 | ||
| 082 | 9 | 2 | |a 923 |
| 100 | 1 | |a Godoy P., Pedro | |
| 245 | 1 | 0 | |a Dorrego : |b héroe estudiantil / |c Pedro Godoy P. |
| 260 | |a Remedios de Escalada : |b Unla, |c 2013 | ||
| 300 | |a 34 p. | ||
| 600 | 1 | 4 | |a Dorrego, Manuel |
| 653 | |a Historia argentina-independencia | ||
| 653 | |a Próceres-biografías de | ||
| 859 | |a AR-BHAM |b BIB. HUMANIDADES - General |h 923 |i D737g |p 327.17 |t Ej.1 | ||
